Israelites vs other nations (Record no. 595261)

000 -LEADER
fixed length control field 00402nam a22001457a 4500
020 ## - INTERNATIONAL STANDARD BOOK NUMBER
International Standard Book Number 9789699704017
082 ## - DEWEY DECIMAL CLASSIFICATION NUMBER
Classification number 222.11092
Author Mark CHH
100 ## - MAIN ENTRY--PERSONAL NAME
Personal name Muhammad Ashraf Chheenah,
245 ## - TITLE STATEMENT
Title Israelites vs other nations
Statement of responsibility, etc. Muhammad Ashraf Chheenah,
260 ## - PUBLICATION, DISTRIBUTION, ETC.
Place of publication, distribution, etc. Islamabad:
Name of publisher, distributor, etc. I.S.R.C;
Date of publication, distribution, etc. 2012.
300 ## - PHYSICAL DESCRIPTION
Extent 318p.
563 ## - BINDING INFORMATION
Binding note HB
650 ## - SUBJECT ADDED ENTRY--TOPICAL TERM
Topical term or geographic name entry element Israelites
-- other nations
942 ## - ADDED ENTRY ELEMENTS (KOHA)
Source of classification or shelving scheme
Koha item type Book
650 ## - SUBJECT ADDED ENTRY--TOPICAL TERM
-- 117992
Holdings
Withdrawn status Lost status Source of classification or shelving scheme Damaged status Not for loan Permanent Location Current Location Date acquired Source of acquisition Total Checkouts Total Renewals Full call number Barcode Date last seen Date last checked out Price effective from Koha item type
          Central Library (CL) Central Library (CL) 07/13/2023 Donation 2 1 222.11092 CHH CL-D-2424 04/25/2026 10/15/2025 07/13/2023 Book
© 2023 Central Library, National University of Sciences and Technology. All Rights Reserved.